000 00604nam a2200253Ia 4500
005 20260121161107.0
008 008 260114s9999 xx 000 0 eng d
020 _a9781315004907
037 _aEBOOK
040 _aCRL
040 _beng
040 _cCRL
041 _2eng
041 _aeng
084 _qCRL
100 _a Brian J. McVeigh
_91040127
245 0 _aLife in a Japanese Women's College
260 _bTaylor and Francis
260 _c1997
856 _uhttp://www.taylorfrancis.com/books/9781315004907
942 _cEBOOK
999 _c1606943
_d1606943